The economics of tobacco regulation: A comprehensive review (Record no. 521138)

000 -LEADER
fixed length control field 01362nam a22001457a 4500
008 - FIXED-LENGTH DATA ELEMENTS--GENERAL INFORMATION
fixed length control field 221216b ||||| |||| 00| 0 eng d
100 ## - MAIN ENTRY--PERSONAL NAME
Personal name DeCicca, P., Kenkel, D. and Lovenheim, M.F.
245 ## - TITLE STATEMENT
Title The economics of tobacco regulation: A comprehensive review
260 ## - PUBLICATION, DISTRIBUTION, ETC. (IMPRINT)
Place of publication, distribution, etc Journal of Economic Literature
300 ## - PHYSICAL DESCRIPTION
Extent 60(3), Sep, 2022: p.883-970
520 ## - SUMMARY, ETC.
Summary, etc Tobacco regulation has been a major component of health policy in the developed world since the UK Royal College of Physicians' and the US Surgeon General's reports in the 1960s. Such regulation, which has intensified in the past two decades, includes cigarette taxation, place-based smoking bans in areas ranging from bars and restaurants to workplaces, and regulations designed to make tobacco products less desirable. More recently, the availability of alternative products, most notably e-cigarettes, has increased dramatically, and these products are just starting to be regulated. Despite an extensive body of research on tobacco regulations, there remains substantial debate regarding their effectiveness, and ultimately, their impact on economic welfare. We provide the first comprehensive review of the state of research in the economics of tobacco regulation in two decades. – Reproduced
773 ## - HOST ITEM ENTRY
Main entry heading Journal of Economic Literature
906 ## - LOCAL DATA ELEMENT F, LDF (RLIN)
Subject DIP HEALTH POLICY
942 ## - ADDED ENTRY ELEMENTS (KOHA)
Item type Articles
Holdings
Withdrawn status Lost status Source of classification or shelving scheme Damaged status Not for loan Permanent location Current location Date acquired Serial Enumeration / chronology Barcode Date last seen Koha item type
          Indian Institute of Public Administration Indian Institute of Public Administration 2022-12-16 60(3), Sep, 2022: p.883-970 AR127699 2022-12-16 Articles

Powered by Koha